Bad Boy Lyrics - Cascada - Statistics

General Stats
  • This quiz has been taken 15 times
  • The average score is 143 of 211
Answer Stats
Answer % Correct
Bad
100%
Boy
100%
A
78%
Be
78%
But
78%
I
78%
Love
78%
Lover
78%
Man
78%
My
78%
Weekend
78%
You
78%
Don’t
67%
Dont
67%
Don't
67%
Friend
67%
Was
67%
Again
56%
Away
56%
Can
56%
Could
56%
Days
56%
Feelings
56%
Felt
56%
Heart
56%
In
56%
Knew
56%
Life
56%
Moment
56%
Need
56%
Ran
56%
Remember
56%
That
56%
The
56%
This
56%
Understand
56%
Would
56%
And
44%
Around
44%
Breaking
44%
Else
44%
Girl
44%
Go
44%
How
44%
No
44%
Some
44%
Someone
44%
Stone
44%
Strong
44%
Turned
44%
Wont
44%
After
33%
Aside
33%
By
33%
I’ll
33%
Just
33%
Made
33%
Me
33%
Never
33%
Now
33%
On
33%
Once
33%
Promise
33%
Pushed
33%
Show
33%
Side
33%
Stay
33%
Thought
33%
Time
33%
To
33%
No matching quizzes found
Score Distribution
Percent of People with Each Score
Percentile by Number Answered
Your Score History
You have not taken this quiz